000 00834nam a2200229 a 4500
001 22528
003 CO-ViMGA
008 141112s2004 ck r 000 u spa d
040 _aCO-ViMGA
_bspa
_cCO-ViMGA
082 0 4 _a658.2 S853i
100 1 _aSule, Dileep
_931992
245 1 0 _aInstalaciones de manufactura :
_bubicaión, planeación y diseño
250 _a2
260 _aMexico :
_bThonson,
_c2001
300 _a726
505 _aPlaneación y diseño 11 - 48 - - Procesos de manufactura 52 - 80 - - Automatización 81 - 133
590 _aForma de adquisición : Compra - - Precio : 68.000 - - Proveedor : Dismet - - Fecha de adquisición : 2008
650 1 4 _aADMINISTRACIóN DE FABRICAS
_913069
650 1 4 _aADMINISTRACIóN INDUSTRIAL
_917179
650 1 4 _aFABRICAS - DISEÑOS Y CONSTRUCCIóN
_931993
942 _2ddc
_cBK
999 _c30829
_d30829